1885 1147 1330 1507 1848 1516 1650 1096 1020 1158 1180 1862 1233 1577 1649 1824 1499 1568 1729 1961 1939 1416 1654 1684 1673 1170 1409 1114 1741 1906 1141 1923 1700 1470 1566 1005 1906 1092 1936 1234 1619 1461 1438 1671 1266 1567 1305 1048 1981 1434 1948 1051 1862 1413 1921 1404 1052 1568 1441 1669 1816 1114 1726 1126 1681 1252 2000 1482 1448 1657 1543 1908 1927 1086 1715 1073 1991 1651 1351 1422 1337 1662 1979 1197 1039 1795 1916 1179 1178 1208 1020 1424 1471 1728 1853 1856 1826 1527 1661 BCNSPRNW ULIB Ver.6.0+V

เปลี่ยนเป็นภาษาไทย

Change to English
 แสดงรายละเอียดบรรณานุกรม
  กลับหน้าหลัก

Brief Record : Get Marc (ISO 2709) : E-mail record : QR code < ปิดหน้าต่าง
LEADER : 00000nam 2200000uu 4500
001    13399128100
003     ULIB
008    220526s2563||||th 000 0 tha d
020    ^a9786164881174
060  4 ^aWB115^bร87^cล.4
245 00 ^aโรคทางอายุรศาสตร์ที่พบบ่อย เล่ม 4 /^cหทัยวรรณ รัตนบรรเจิดกุล ... [และคนอื่น ๆ]
250    ^aพิมพ์ครั้งที่ 1
260    ^aกรุงเทพฯ :^bกรุงเทพเวชสาร,^c2563
300    ^a368 หน้า :^bภาพประกอบ; ^c21 ซม.
650  7 ^aโรคอายุรศาสตร์
650  7 ^aอายุรศาสตร์
700 0  ^aหทัยวรรณ รัตนบรรเจิดกุล,^eบรรณาธิการ
700 0  ^aภานุช เอี่ยมประภาพร,^eบรรณาธิการ
700 0  ^aวศิเทพ ลิ้มวรพิทักษ์,^eบรรณาธิการ
700 0  ^aณรงค์กร ซ้ายโพธิ์กลาง,^eบรรณาธิการ
710    ^aมหาวิทยาลัยธรรมศาสตร์ ^bคณะแพทยศาสตร์ ภาควิชาอายุรศาสตร์
945    ^p400^l0^i008803
999    ^aประนอม เกษจรัล
รายการนี้ยังไม่มีแท็ก
คุณยังไม่ได้ล็อกอิน คุณสามารถมีกิจกรรมร่วมกับเว็บไซต์ได้ แต่ต้องล็อกอินก่อน ::
  ล็อกอิน

รายการสื่อสารสนเทศ

ลำดับที่ ประเภท เลขเรียก/บาร์โค้ด สถานที่ สถานะ
1. วิทยาศาสตร์การแพทย์ และสุขภาพ
หนังสือสำรอง
สถานะ=หนังสือสำรอง
WB115 ร87 ล.4 ฉ.1 
  Barcode: 008803
ห้องสมุดวิทยาเขตสวรรค์ประชารักษ์
►หนังสือทั่วไป
บนชั้น

รายการใกล้เคียง
    หัวเรื่อง [โรคอายุรศาสตร์]
    หัวเรื่อง [อายุรศาสตร์]

BibComment


ยังไม่เคยถูกคอมเมนท์

คอมเมนท์ทรัพยากรรายการนี้
  คอมเมนท์: โรคทางอายุรศาสตร..


 Copyright 2026. Bcnsprnw @Library